000 00262nam a2200109Ia 4500
008 170627s9999 xx 000 0 und d
100 _aTAYLOR- SHIRLEY
245 0 _aCOMMUNICATION FOR BUSINESS
260 _bPEARSON
260 _c2005
546 _aENGLISH
690 _aTECHNICAL COMUNICATION
999 _c35324
_d35324